[Event "13. Festival Ciudad de Lorca 2024 - A"]
[White "Yu, Zechen"]
[Black "Jansone, Melanija Luize"]
[Site "Lorca ESP"]
[Round "3.26"]
[Result "1-0"]
[Date "2024.12.27"]
[WhiteElo "2003"]
[BlackElo "1885"]
[PlyCount "191"]
[GameId "2132923589333334"]
[EventDate "2024.12.26"]
[EventCountry "ESP"]
[SourceTitle "Ajedrez en Madrid"]
[Source "lmi"]
[SourceDate "2024.12.26"]
[SourceVersion "1"]
[SourceVersionDate "2025.01.11"]
[SourceQuality "1"]

1. e4 d6 2. d4 Nf6 3. Nc3 g6 4. f3 Bg7 5. Be3 O-O 6. Qd2 c5 7. dxc5 dxc5 8. Bxc5 Qxd2+ 9. Kxd2 Rd8+ 10. Bd3 Nc6 11. Nge2 Nd7 12. Bf2 Nde5 13. a3 Be6 14. Rhd1 Bc4 15. Nc1 Rd7 16. Ke2 Rad8 17. Rb1 b6 18. h3 g5 19. g3 Nxd3 20. cxd3 Ba6 21. f4 gxf4 22. gxf4 Nd4+ 23. Bxd4 Rxd4 24. Ke3 e6 25. N3e2 R4d7 26. d4 Rc7 27. Nc3 Bf8 28. N1e2 f6 29. Rbc1 Kf7 30. d5 Bc5+ 31. Kf3 exd5 32. Nxd5 Rcd7 33. b4 Bf8 34. Nd4 Bb7 35. Nc6 Rc8 36. b5 Bxa3 37. Ra1 Bc5 38. Nxb6 Rxd1 39. Rxd1 Bxb6 40. Rd7+ Ke6 41. Rxb7 h5 42. Nxa7 Rc3+ 43. Kg2 Bxa7 44. Rxa7 Rb3 45. Ra6+ Kf7 46. Rb6 h4 47. f5 Kg7 48. Rb8 Re3 49. b6 Rxe4 50. b7 Rb4 51. Kf3 Kh7 52. Ke3 Kg7 53. Kd3 Kh7 54. Kc3 Rb1 55. Kc4 Kg7 56. Kd3 Rb4 57. Kc3 Rb1 58. Kc4 Rc1+ 59. Kd5 Rb1 60. Ke4 Rb4+ 61. Kf3 Kh7 62. Rf8 Rxb7 63. Rxf6 Rb4 64. Re6 Kg7 65. Re4 Rb5 66. Kg4 Kf6 67. Re6+ Kf7 68. Rh6 Rb1 69. Rxh4 Rg1+ 70. Kf4 Rf1+ 71. Kg5 Rg1+ 72. Rg4 Rh1 73. h4 Rh2 74. Rg1 Kg7 75. h5 Rf2 76. h6+ Kf7 77. Rh1 Rg2+ 78. Kf4 Kg8 79. h7+ Kh8 80. Ke5 Ra2 81. Kf6 Ra6+ 82. Kg5 Ra5 83. Rh2 Ra6 84. Rh3 Ra5 85. Rh4 Ra6 86. Rh3 Rb6 87. Re3 Kxh7 88. Re6 Rb8 89. Re7+ Kg8 90. Kg6 Kf8 91. Rh7 Rb1 92. Rh8+ Ke7 93. f6+ Ke6 94. Re8+ Kd7 95. f7 Rg1+ 96. Kh5 1-0

[Event "13. Festival Ciudad de Lorca 2024 - A"]
[White "Ramos Saavedra, Mario"]
[Black "Ilinca Ilinca, Filip Antonio"]
[Site "Lorca ESP"]
[Round "3.27"]
[Result "1-0"]
[Date "2024.12.27"]
[WhiteElo "1983"]
[BlackElo "1790"]
[PlyCount "85"]
[GameId "2132923589337431"]
[EventDate "2024.12.26"]
[EventCountry "ESP"]
[SourceTitle "Ajedrez en Madrid"]
[Source "lmi"]
[SourceDate "2024.12.26"]
[SourceVersion "1"]
[SourceVersionDate "2025.01.11"]
[SourceQuality "1"]

1. e4 c6 2. d4 d5 3. e5 Bf5 4. Nf3 e6 5. Be2 c5 6. Be3 Qb6 7. Nc3 c4 8. Nh4 Bg6 9. Nxg6 hxg6 10. Rb1 Nc6 11. O-O Nh6 12. Bf3 Nf5 13. Ne2 Be7 14. b3 cxb3 15. axb3 Rd8 16. g3 O-O 17. Qd2 Kh7 18. Bg2 Qc7 19. Rfd1 b5 20. c3 a5 21. Rbc1 a4 22. bxa4 bxa4 23. c4 Qd7 24. c5 Ra8 25. Qa2 Na5 26. Rc3 Nc4 27. Rxc4 dxc4 28. Bxa8 Rxa8 29. Qxc4 Nxe3 30. fxe3 Qc6 31. Nc3 Qf3 32. Qe2 Qc6 33. Ra1 Bxc5 34. Qc4 Qf3 35. dxc5 Qxe3+ 36. Kg2 Rb8 37. Rb1 Qd2+ 38. Kh3 Rxb1 39. Nxb1 Qf2 40. Na3 Qf5+ 41. Kg2 Qxe5 42. c6 Qb2+ 43. Nc2 1-0

[Event "13. Festival Ciudad de Lorca 2024 - A"]
[White "Vaddhireddy, Sai"]
[Black "Patil, Rushad"]
[Site "Lorca ESP"]
[Round "3.28"]
[Result "0-1"]
[Date "2024.12.27"]
[WhiteElo "1962"]
[BlackElo "1782"]
[PlyCount "74"]
[GameId "2132923589337432"]
[EventDate "2024.12.26"]
[EventCountry "ESP"]
[SourceTitle "Ajedrez en Madrid"]
[Source "lmi"]
[SourceDate "2024.12.26"]
[SourceVersion "1"]
[SourceVersionDate "2025.01.11"]
[SourceQuality "1"]

1. d4 d5 2. c4 c6 3. cxd5 cxd5 4. Bf4 Qb6 5. Nc3 Nf6 6. e3 Qxb2 7. Bb5+ Bd7 8. Bxd7+ Nbxd7 9. Nge2 Qa3 10. Rb1 a6 11. Rb3 Qa5 12. Rxb7 Ne4 13. Bc7 Nxc3 14. Qd2 Qa3 15. Rb3 Qxa2 16. Qxc3 Rc8 17. Nf4 e6 18. Rb7 Bd6 19. O-O Bxf4 20. exf4 O-O 21. Ra1 Qe2 22. Qg3 Qc4 23. f5 e5 24. dxe5 Rxc7 25. Rbb1 Rfc8 26. Qg5 Nxe5 27. f6 Ng6 28. g3 gxf6 29. Qxf6 d4 30. Rc1 Qxc1+ 31. Rxc1 Rxc1+ 32. Kg2 d3 33. Qd4 R1c3 34. h4 h5 35. Kh3 Rc2 36. Qxd3 Rxf2 37. Qc3 Nf4+ 0-1

[Event "13. Festival Ciudad de Lorca 2024 - A"]
[White "Martinez, Thomas"]
[Black "Mendez Gimenez, Nestor Emmanuel"]
[Site "Lorca ESP"]
[Round "3.29"]
[Result "0-1"]
[Date "2024.12.27"]
[WhiteElo "1594"]
[BlackElo "1893"]
[PlyCount "58"]
[GameId "2132923589337433"]
[EventDate "2024.12.26"]
[EventCountry "ESP"]
[SourceTitle "Ajedrez en Madrid"]
[Source "lmi"]
[SourceDate "2024.12.26"]
[SourceVersion "1"]
[SourceVersionDate "2025.01.11"]
[SourceQuality "1"]

1. e4 c5 2. Nc3 g6 3. Bc4 Bg7 4. Nf3 e6 5. d3 Ne7 6. Be3 d6 7. Qd2 Nbc6 8. Bh6 O-O 9. Bxg7 Kxg7 10. O-O-O a6 11. h4 h5 12. Rdg1 b5 13. Bb3 d5 14. g4 Rh8 15. gxh5 Rxh5 16. Rg5 Rxg5 17. hxg5 Qd6 18. Qe3 c4 19. e5 Qd8 20. dxc4 dxc4 21. Qf4 Nf5 22. Qh2 Qg8 23. Ne4 Bb7 24. Nf6 Qh8 25. Qg1 Ncd4 26. Qe1 Nxf3 27. Qd1 Rd8 28. Qe1 Nh2 29. Rg1 Nf3 0-1

[Event "13. Festival Ciudad de Lorca 2024 - A"]
[White "Boricha, Yohan"]
[Black "Mengual Brotons, Jesus"]
[Site "Lorca ESP"]
[Round "3.30"]
[Result "1-0"]
[Date "2024.12.27"]
[WhiteElo "1888"]
[BlackElo "1723"]
[PlyCount "57"]
[GameId "2132923589337434"]
[EventDate "2024.12.26"]
[EventCountry "ESP"]
[SourceTitle "Ajedrez en Madrid"]
[Source "lmi"]
[SourceDate "2024.12.26"]
[SourceVersion "1"]
[SourceVersionDate "2025.01.11"]
[SourceQuality "1"]

1. d4 d5 2. c4 c6 3. Nc3 e6 4. e3 Nf6 5. Nf3 Nbd7 6. Be2 Bd6 7. O-O Qe7 8. b3 O-O 9. Bd3 e5 10. dxe5 Nxe5 11. Bb2 dxc4 12. Bxc4 Rd8 13. Nxe5 Qxe5 14. g3 Bh3 15. Re1 Ne4 16. Qc2 Nxc3 17. Bxc3 Qg5 18. Bf1 Bf5 19. Qb2 Be7 20. Rad1 h5 21. Bg2 Qg4 22. Rd4 Rxd4 23. exd4 Bf6 24. d5 Bxc3 25. Qxc3 cxd5 26. Bxd5 Rc8 27. Qa5 Qd4 28. Bxf7+ Kxf7 29. Qxf5+ 1-0

[Event "13. Festival Ciudad de Lorca 2024 - A"]
[White "Li, Di"]
[Black "Cabrera, Alexis"]
[Site "Lorca ESP"]
[Round "4.1"]
[Result "1-0"]
[Date "2024.12.28"]
[WhiteElo "2552"]
[BlackElo "2410"]
[PlyCount "85"]
[GameId "2129350171668566"]
[EventDate "2024.12.26"]
[EventCountry "ESP"]
[SourceTitle "Ajedrez en Madrid"]
[Source "lmi"]
[SourceDate "2024.12.26"]
[SourceVersion "1"]
[SourceVersionDate "2025.01.11"]
[SourceQuality "1"]

1. Nf3 Nf6 2. c4 g6 3. Nc3 Bg7 4. e4 d6 5. d4 O-O 6. Be2 e5 7. O-O Bg4 8. d5 b6 9. Bg5 h6 10. Be3 a5 11. h3 Bd7 12. Qc1 Kh7 13. Qc2 Na6 14. Nd2 Ng8 15. a3 Qe8 16. Rae1 h5 17. f4 Bh6 18. Nf3 exf4 19. Bd2 f6 20. Nb5 Kh8 21. b4 Rf7 22. Bd3 Re7 23. Bc3 Re5 24. Qb2 g5 25. Nbd4 g4 26. Nxe5 fxe5 27. Nf5 Qg6 28. Nxh6 Nxh6 29. h4 g3 30. Rxf4 Kh7 31. Rf3 Qg4 32. Ree3 Qxh4 33. Rxg3 Ng4 34. Rh3 Qg5 35. Rxh5+ Qxh5 36. Rh3 Qxh3 37. gxh3 Nf6 38. Qf2 Kg6 39. h4 axb4 40. axb4 Nb8 41. Be2 Ra3 42. Qg3+ Kf7 43. h5 1-0

[Event "13. Festival Ciudad de Lorca 2024 - A"]
[White "Chavez Suarez, Carlos Alberto"]
[Black "Vignesh, N R"]
[Site "Lorca ESP"]
[Round "4.2"]
[Result "0-1"]
[Date "2024.12.28"]
[WhiteElo "2278"]
[BlackElo "2523"]
[PlyCount "100"]
[GameId "2129350266835092"]
[EventDate "2024.12.26"]
[EventCountry "ESP"]
[SourceTitle "Ajedrez en Madrid"]
[Source "lmi"]
[SourceDate "2024.12.26"]
[SourceVersion "1"]
[SourceVersionDate "2025.01.11"]
[SourceQuality "1"]

1. d4 Nf6 2. Nf3 e6 3. e3 b6 4. Bd3 Bb7 5. b3 c5 6. Bb2 cxd4 7. Bxd4 Nc6 8. Bb2 Nb4 9. Be2 Be4 10. Na3 Rc8 11. c4 Be7 12. O-O a6 13. Ne5 O-O 14. f3 Bb7 15. Nd3 d5 16. Nxb4 Bxb4 17. Nc2 Bd6 18. Qe1 dxc4 19. bxc4 Qc7 20. Qh4 Be5 21. Nd4 Nd7 22. Bd3 g6 23. Rac1 Bf6 24. Qh3 e5 25. Nf5 Nc5 26. Bc2 Rcd8 27. Rf2 Bc8 28. Nh6+ Kg7 29. g4 Qe7 30. f4 exf4 31. Qh4 Bxb2 32. Qxe7 Rde8 33. Qd6 fxe3 34. Rff1 e2 35. g5 exf1=Q+ 36. Rxf1 Be6 37. Qf4 Bh3 38. Rf3 Ne6 39. Qh4 Nxg5 40. Rxh3 Nxh3+ 41. Qxh3 Re1+ 42. Kf2 Rfe8 43. Ng4 Bd4+ 44. Kg2 R1e2+ 45. Kf1 Re1+ 46. Kg2 R8e2+ 47. Kf3 h5 48. Qh4 hxg4+ 49. Kf4 Rf2+ 50. Kxg4 Rg1+ 0-1

[Event "13. Festival Ciudad de Lorca 2024 - A"]
[White "Ilinca, Felix-Antonio"]
[Black "Tonndorf, Matthias"]
[Site "Lorca ESP"]
[Round "4.3"]
[Result "1/2-1/2"]
[Date "2024.12.28"]
[WhiteElo "2450"]
[BlackElo "2138"]
[PlyCount "137"]
[GameId "2129350441984167"]
[EventDate "2024.12.26"]
[EventCountry "ESP"]
[SourceTitle "Ajedrez en Madrid"]
[Source "lmi"]
[SourceDate "2024.12.26"]
[SourceVersion "1"]
[SourceVersionDate "2025.01.11"]
[SourceQuality "1"]

1. e4 c5 2. Nf3 e6 3. b3 a6 4. Bb2 d6 5. d4 cxd4 6. Qxd4 Nc6 7. Qe3 Nf6 8. Nc3 Be7 9. O-O-O O-O 10. Rg1 Qa5 11. Kb1 Ng4 12. Qd2 b5 13. h3 Nf6 14. Qe3 Bb7 15. g4 Rfc8 16. g5 Nd7 17. Nd4 Nxd4 18. Qxd4 Bf8 19. a3 Ne5 20. Bg2 Ng6 21. Qd2 Qb6 22. f4 a5 23. h4 e5 24. fxe5 dxe5 25. Nd5 Bxd5 26. exd5 Bd6 27. h5 Nf4 28. g6 fxg6 29. hxg6 h6 30. Be4 Rf8 31. Rg3 b4 32. a4 Rf6 33. Rh1 Raf8 34. Ka2 Qc7 35. Qe1 Qe7 36. Rh2 Rc8 37. Qh1 Bc5 38. Qd1 Rcf8 39. c3 bxc3 40. Bxc3 Bb4 41. Bb2 Rb8 42. Qc2 h5 43. Rg5 Bd6 44. Rgxh5 Nxh5 45. Rxh5 Qb7 46. Rh3 Kf8 47. Qh2 Qb4 48. Bc2 Qf4 49. Rh8+ Ke7 50. Qh7 Qh6 51. Qxh6 gxh6 52. Rxh6 Rf2 53. Bd3 Bc5 54. Ka1 Rxb3 55. g7 Kf7 56. Bc4 Kxg7 57. Bxe5+ Kxh6 58. Bxb3 Rf3 59. Kb2 Kg5 60. Bc2 Re3 61. Bc7 Bd4+ 62. Kc1 Kf6 63. d6 Ke6 64. Bd1 Rc3+ 65. Kd2 Rxc7 66. dxc7 Kd7 67. Kd3 Bf6 68. Bg4+ Kxc7 69. Ke4 1/2-1/2

[Event "13. Festival Ciudad de Lorca 2024 - A"]
[White "Xu, Minghui"]
[Black "Borre Meza, Orlando David"]
[Site "Lorca ESP"]
[Round "4.4"]
[Result "1-0"]
[Date "2024.12.28"]
[WhiteElo "2405"]
[BlackElo "1875"]
[PlyCount "87"]
[GameId "2129350602375354"]
[EventDate "2024.12.26"]
[EventCountry "ESP"]
[SourceTitle "Ajedrez en Madrid"]
[Source "lmi"]
[SourceDate "2024.12.26"]
[SourceVersion "1"]
[SourceVersionDate "2025.01.11"]
[SourceQuality "1"]

1. Nf3 d5 2. g3 c5 3. Bg2 Nc6 4. d4 Nf6 5. O-O e6 6. c4 cxd4 7. Nxd4 Be7 8. Nc3 O-O 9. cxd5 exd5 10. Bf4 a6 11. Rc1 Be6 12. Nxe6 fxe6 13. Bh3 e5 14. Bg5 d4 15. Bxf6 gxf6 16. Qb3+ Kh8 17. Nd5 Rb8 18. Bf5 Bd6 19. Qf3 Ne7 20. Nxe7 Qxe7 21. Qe4 Rf7 22. Rfd1 Bc5 23. a3 a5 24. Rd3 b6 25. Rb3 a4 26. Rf3 Re8 27. g4 Qb7 28. Rc4 Qa8 29. Kg2 Ref8 30. Rh3 Qxe4+ 31. Bxe4 Ra7 32. Bc2 Rfa8 33. Kf3 Kg8 34. Rh6 Be7 35. Rxh7 Rd8 36. Bf5 b5 37. Rc6 b4 38. axb4 a3 39. bxa3 Rxa3+ 40. Kg2 Bxb4 41. Rxf6 Bf8 42. Rb7 Ra5 43. Be6+ Kh8 44. Rg6 1-0

[Event "13. Festival Ciudad de Lorca 2024 - A"]
[White "Shah, Jeet"]
[Black "Narciso Dublan, Marc"]
[Site "Lorca ESP"]
[Round "4.5"]
[Result "0-1"]
[Date "2024.12.28"]
[WhiteElo "2052"]
[BlackElo "2373"]
[PlyCount "106"]
[GameId "2129350785278157"]
[EventDate "2024.12.26"]
[EventCountry "ESP"]
[SourceTitle "Ajedrez en Madrid"]
[Source "lmi"]
[SourceDate "2024.12.26"]
[SourceVersion "1"]
[SourceVersionDate "2025.01.11"]
[SourceQuality "1"]

1. e4 e6 2. d4 d5 3. Nc3 Bb4 4. e5 b6 5. a3 Bf8 6. f4 Nh6 7. Nf3 c5 8. Bb5+ Bd7 9. Bxd7+ Qxd7 10. O-O Nc6 11. Ne2 Nxd4 12. Nexd4 cxd4 13. Nxd4 Bc5 14. Be3 Bxd4 15. Bxd4 Nf5 16. g4 Nxd4 17. Qxd4 Rc8 18. Qd3 h5 19. g5 g6 20. Rad1 Qa4 21. Rf2 O-O 22. Qb3 Qxb3 23. cxb3 Rc5 24. Kf1 Rfc8 25. Ke2 Kf8 26. Rd3 Rc1 27. Rd1 Ke7 28. Ke1 Kd7 29. Rfd2 a5 30. Ke2 R8c2 31. Rxc2 Rxc2+ 32. Rd2 Rxd2+ 33. Kxd2 Kc6 34. Kd3 Kc5 35. b4+ axb4 36. a4 b3 37. Kc3 h4 38. Kxb3 d4 39. h3 Kd5 40. Kc2 Kc4 41. Kd2 Kb3 42. Kd3 Kxb2 43. Kxd4 Kb3 44. a5 bxa5 45. Kc5 a4 46. Kd6 a3 47. Ke7 a2 48. Kxf7 a1=Q 49. Kxe6 Qf1 50. Kf6 Qxh3 51. Kxg6 Qe6+ 52. Kh7 h3 53. g6 h2 0-1

[Event "13. Festival Ciudad de Lorca 2024 - A"]
[White "Vinuesa Sorli, Ruben"]
[Black "Filgueiras, Nathan Felipe"]
[Site "Lorca ESP"]
[Round "4.6"]
[Result "0-1"]
[Date "2024.12.28"]
[WhiteElo "2291"]
[BlackElo "2328"]
[PlyCount "84"]
[GameId "2129350992138463"]
[EventDate "2024.12.26"]
[EventCountry "ESP"]
[SourceTitle "Ajedrez en Madrid"]
[Source "lmi"]
[SourceDate "2024.12.26"]
[SourceVersion "1"]
[SourceVersionDate "2025.01.11"]
[SourceQuality "1"]

1. e4 c5 2. Nf3 e6 3. d4 cxd4 4. Nxd4 Nf6 5. Nc3 Nc6 6. Ndb5 d6 7. Bf4 e5 8. Bg5 a6 9. Na3 b5 10. Nab1 Ne7 11. Nd2 d5 12. Bxf6 gxf6 13. Qf3 f5 14. Nxd5 Nxd5 15. exd5 Bg7 16. a4 O-O 17. axb5 e4 18. Qb3 Bb7 19. Bc4 axb5 20. O-O Rb8 21. Qxb5 Ba8 22. Qc5 Qf6 23. Bb3 Qxb2 24. Rad1 Rfe8 25. Nc4 Qf6 26. Rfe1 Qg6 27. Nd6 Bf8 28. Qe3 Bxd6 29. Qh3 Bb7 30. Ba4 Red8 31. c4 Ba6 32. Rc1 Rbc8 33. Bc6 Bc5 34. Qc3 e3 35. fxe3 Rb8 36. Rb1 Rxb1 37. Rxb1 f4 38. Rf1 Bxe3+ 39. Kh1 Rb8 40. Qe5 Rb1 41. Qe8+ Kg7 42. Qe5+ Kh6 0-1

[Event "13. Festival Ciudad de Lorca 2024 - A"]
[White "Fernandez Bustamante, Leancy B."]
[Black "Khamrakulov, Ibragim S."]
[Site "Lorca ESP"]
[Round "4.7"]
[Result "0-1"]
[Date "2024.12.28"]
[WhiteElo "2129"]
[BlackElo "2388"]
[PlyCount "130"]
[GameId "2129351153225971"]
[EventDate "2024.12.26"]
[EventCountry "ESP"]
[SourceTitle "Ajedrez en Madrid"]
[Source "lmi"]
[SourceDate "2024.12.26"]
[SourceVersion "1"]
[SourceVersionDate "2025.01.11"]
[SourceQuality "1"]

1. e4 c5 2. Nf3 e6 3. d4 cxd4 4. Nxd4 a6 5. c4 Nc6 6. Nc3 Bb4 7. Nxc6 bxc6 8. Qd4 f6 9. Be2 c5 10. Qd3 Bb7 11. O-O Ne7 12. Rd1 Nc6 13. a3 Bxc3 14. bxc3 Ne5 15. Qe3 Qc7 16. f4 Nf7 17. Qg3 Bxe4 18. Qxg7 Ke7 19. Bh5 Bg6 20. Bxg6 hxg6 21. Qxg6 Rag8 22. Qd3 Qc6 23. Ra2 Rg4 24. Rad2 d6 25. Re2 e5 26. Rf1 Nd8 27. Qf5 Rhg8 28. g3 R4g6 29. fxe5 fxe5 30. Be3 Qd7 31. Qh5 Qg4 32. Qxg4 Rxg4 33. Bxc5 dxc5 34. Rxe5+ Ne6 35. Rfe1 R8g6 36. Rxc5 Kd6 37. Ra5 Nc7 38. Rd1+ Kc6 39. Rd4 R4g5 40. Rxg5 Rxg5 41. g4 Ne6 42. Re4 Kd6 43. h4 Ra5 44. g5 Rxa3 45. g6 Rxc3 46. Kg2 Ng7 47. Rf4 Ke5 48. Rf7 Nh5 49. g7 Rg3+ 50. Kf2 Rg6 51. c5 Rxg7 52. Rxg7 Nxg7 53. Ke3 Kd5 54. Kd3 Kxc5 55. Kc3 a5 56. Kb3 Kb5 57. Ka3 a4 58. Ka2 Kb4 59. Kb2 a3+ 60. Ka2 Ka4 61. Kb1 Kb3 62. h5 Nxh5 63. Ka1 Ng7 64. Kb1 Nf5 65. Ka1 Nd4 0-1

[Event "13. Festival Ciudad de Lorca 2024 - A"]
[White "Hanache, Kai"]
[Black "Sabuk, Piotr"]
[Site "Lorca ESP"]
[Round "4.8"]
[Result "0-1"]
[Date "2024.12.28"]
[WhiteElo "2080"]
[BlackElo "2385"]
[PlyCount "213"]
[GameId "2129351340949764"]
[EventDate "2024.12.26"]
[EventCountry "ESP"]
[SourceTitle "Ajedrez en Madrid"]
[Source "lmi"]
[SourceDate "2024.12.26"]
[SourceVersion "1"]
[SourceVersionDate "2025.01.11"]
[SourceQuality "1"]

1. e4 c6 2. d4 d5 3. e5 c5 4. dxc5 e6 5. a3 Nd7 6. Bf4 Bxc5 7. b4 Be7 8. c4 dxc4 9. Bxc4 Nb6 10. Bd3 a5 11. Bb5+ Bd7 12. Bxd7+ Qxd7 13. Qxd7+ Nxd7 14. bxa5 Bd8 15. Nf3 Bxa5+ 16. Ke2 Ne7 17. Rc1 O-O 18. Nbd2 Nd5 19. Bg3 Rfc8 20. Ne4 b6 21. Kd3 Nc5+ 22. Nxc5 bxc5 23. h3 h6 24. Rab1 Bd8 25. Rb3 Ra7 26. Ke2 Ra4 27. Nd2 c4 28. Rxc4 Raxc4 29. Nxc4 Rxc4 30. Rb8 Kh7 31. Rxd8 Ra4 32. Rd7 Kg6 33. Kf3 Rxa3+ 34. Ke2 Ra2+ 35. Kf3 Ra3+ 36. Ke2 h5 37. h4 Rb3 38. Bh2 Nc3+ 39. Kd3 Nb5+ 40. Kc4 Rb2 41. Bg3 Na3+ 42. Kc3 Rb8 43. Kd3 Rb3+ 44. Kd4 Rb1 45. Kc3 Nb5+ 46. Kc4 Rb2 47. Re7 Nc7 48. Rd7 Rb1 49. Kc3 Nd5+ 50. Kd2 Rg1 51. Ke2 Rb1 52. Kf3 Rb4 53. Ke2 Rg4 54. Kf3 Nc3 55. Rc7 Nb5 56. Rc5 Nd4+ 57. Ke3 Nf5+ 58. Kf3 Ra4 59. Ke2 Nxh4 60. Bxh4 Rxh4 61. Ke3 Kf5 62. Rc7 Kg6 63. f4 Rh1 64. Kf2 Ra1 65. Rc3 Ra2+ 66. Kf3 Ra7 67. Ke4 Ra4+ 68. Kf3 Kf5 69. g3 Ra7 70. Re3 Rb7 71. Ra3 Rc7 72. Re3 g5 73. fxg5 Rc5 74. Kg2 Rxe5 75. g6 fxg6 76. Rf3+ Kg5 77. Rf4 Rf5 78. Re4 Kf6 79. Ra4 g5 80. Ra8 g4 81. Re8 Rc5 82. Rh8 Rc2+ 83. Kg1 Kg6 84. Rg8+ Kf6 85. Rf8+ Ke7 86. Rg8 Rc5 87. Kf2 Rf5+ 88. Ke2 Kf7 89. Rh8 Kg7 90. Re8 Rf3 91. Re7+ Kf6 92. Rh7 Kg6 93. Re7 Rxg3 94. Rxe6+ Kf5 95. Re8 Rf3 96. Rf8+ Ke4 97. Rh8 Rf5 98. Re8+ Kd5 99. Rg8 Ke6 100. Ke3 Kf7 101. Rb8 g3 102. Rb2 h4 103. Rb7+ Kg6 104. Ke4 Rf8 105. Rb6+ Kg5 106. Rb7 Kg4 107. Kd4 0-1

[Event "13. Festival Ciudad de Lorca 2024 - A"]
[White "Piccoli, Lucas Fonseca"]
[Black "Cano Mateos, Pablo"]
[Site "Lorca ESP"]
[Round "4.9"]
[Result "1-0"]
[Date "2024.12.28"]
[WhiteElo "2270"]
[BlackElo "2067"]
[PlyCount "91"]
[GameId "2129351536959765"]
[EventDate "2024.12.26"]
[EventCountry "ESP"]
[SourceTitle "Ajedrez en Madrid"]
[Source "lmi"]
[SourceDate "2024.12.26"]
[SourceVersion "1"]
[SourceVersionDate "2025.01.11"]
[SourceQuality "1"]

1. e4 e6 2. d4 d5 3. e5 c5 4. c3 Nc6 5. Nf3 Bd7 6. g3 cxd4 7. cxd4 Qb6 8. Bh3 Qa6 9. Nc3 Rc8 10. Bf1 Qb6 11. Be2 Nge7 12. Na4 Qc7 13. O-O Nf5 14. g4 Nfe7 15. Nh4 Ng6 16. Ng2 Nb4 17. Nc3 Nc6 18. Be3 Be7 19. f4 a6 20. Qe1 Qb6 21. f5 Nf8 22. Qd2 Na5 23. Nf4 Bb4 24. Nh5 Rg8 25. Bf2 exf5 26. Nxd5 Bxd2 27. Nxb6 Rc2 28. Nxd7 Nxd7 29. Bd3 Rxb2 30. Bxf5 Nb6 31. Rab1 Rxb1 32. Rxb1 Nd5 33. Bxh7 Rh8 34. Bd3 g6 35. Nf6+ Nxf6 36. exf6 Rh3 37. Bg3 b5 38. Rb2 Bc3 39. Re2+ Kd8 40. Re7 Rh6 41. Rxf7 Bxd4+ 42. Kg2 Nc4 43. g5 Rh5 44. h4 Ne5 45. Bxe5 Bxe5 46. Kh3 1-0

[Event "13. Festival Ciudad de Lorca 2024 - A"]
[White "Collado Alcolado, Angel"]
[Black "Ibarra Jerez, Juan Miguel"]
[Site "Lorca ESP"]
[Round "4.10"]
[Result "0-1"]
[Date "2024.12.28"]
[WhiteElo "2061"]
[BlackElo "2220"]
[PlyCount "72"]
[GameId "2129351827988774"]
[EventDate "2024.12.26"]
[EventCountry "ESP"]
[SourceTitle "Ajedrez en Madrid"]
[Source "lmi"]
[SourceDate "2024.12.26"]
[SourceVersion "1"]
[SourceVersionDate "2025.01.11"]
[SourceQuality "1"]

1. e4 d6 2. d4 Nf6 3. Nc3 Nc6 4. Nf3 g6 5. h3 Bg7 6. Be3 O-O 7. a4 e5 8. dxe5 dxe5 9. Bc5 Re8 10. Bb5 Bd7 11. O-O b6 12. Be3 a6 13. Bc4 Be6 14. Bxe6 Rxe6 15. Bg5 Qc8 16. Bxf6 Bxf6 17. Nd5 Bg7 18. c3 Rd6 19. Nd2 Qb7 20. Nc4 Re6 21. Nce3 Rf8 22. g4 Nb8 23. Qb3 Nd7 24. Rfd1 c6 25. Nb4 Nc5 26. Qc2 a5 27. Na2 Rf6 28. b4 Ne6 29. Rd6 Nd4 30. cxd4 Rxd6 31. d5 cxd5 32. Nxd5 f5 33. Qb3 fxe4 34. Rd1 Qf7 35. Ne7+ Kh8 36. Qxf7 Rxd1+ 0-1

[Event "13. Festival Ciudad de Lorca 2024 - A"]
[White "Vehi Bach, Victor Manuel"]
[Black "Fondrat, Johan"]
[Site "Lorca ESP"]
[Round "4.11"]
[Result "1/2-1/2"]
[Date "2024.12.28"]
[WhiteElo "2184"]
[BlackElo "2054"]
[PlyCount "112"]
[GameId "2132923604214171"]
[EventDate "2024.12.26"]
[EventCountry "ESP"]
[SourceTitle "Ajedrez en Madrid"]
[Source "lmi"]
[SourceDate "2024.12.26"]
[SourceVersion "1"]
[SourceVersionDate "2025.01.11"]
[SourceQuality "1"]

1. e4 c5 2. Nf3 e6 3. d4 cxd4 4. Nxd4 Nf6 5. Nc3 Nc6 6. Ndb5 Bc5 7. Bf4 O-O 8. Bc7 Qe7 9. Bd6 Bxd6 10. Qxd6 Qd8 11. Nc7 Rb8 12. Be2 b5 13. e5 Ne8 14. Nxe8 Rxe8 15. O-O b4 16. Ne4 Bb7 17. Qc5 Qa5 18. Qxa5 Nxa5 19. Nd6 Red8 20. Rfd1 Kf8 21. a3 b3 22. Rac1 Bc6 23. c4 Ke7 24. Rc3 f6 25. Rg3 Rg8 26. f4 h6 27. Rg6 Nb7 28. Nxb7 Bxb7 29. Rg3 Be4 30. Bd3 Bc6 31. Bh7 Rgf8 32. Rxg7+ Rf7 33. Rxf7+ Kxf7 34. exf6 Kxf6 35. Kf2 a5 36. g3 Rc8 37. Ke3 d5 38. Rc1 Bb7 39. Kd4 dxc4 40. Rxc4 Rd8+ 41. Kc3 Rd1 42. Rd4 Rh1 43. Rd2 Bd5 44. Kd4 Rc1 45. Bd3 h5 46. f5 h4 47. gxh4 Rg1 48. fxe6 Bxe6 49. Rf2+ Ke7 50. h5 Rg4+ 51. Kc3 Rh4 52. Bg6 Rc4+ 53. Kd3 Rh4 54. Kc3 Kd6 55. Kd3 Kd5 56. Kc3 Kc5 1/2-1/2

[Event "13. Festival Ciudad de Lorca 2024 - A"]
[White "Navarro Cabrera, Carlos"]
[Black "Valdats, Reinis"]
[Site "Lorca ESP"]
[Round "4.12"]
[Result "0-1"]
[Date "2024.12.28"]
[WhiteElo "2003"]
[BlackElo "2176"]
[PlyCount "72"]
[GameId "2132923604214172"]
[EventDate "2024.12.26"]
[EventCountry "ESP"]
[SourceTitle "Ajedrez en Madrid"]
[Source "lmi"]
[SourceDate "2024.12.26"]
[SourceVersion "1"]
[SourceVersionDate "2025.01.11"]
[SourceQuality "1"]

1. Nf3 c5 2. e3 Nc6 3. d4 d5 4. b3 Nf6 5. Bb2 Bf5 6. Nbd2 e6 7. a3 Rc8 8. c4 cxd4 9. Nxd4 Nxd4 10. Bxd4 Bc5 11. Bxc5 Rxc5 12. b4 Rc7 13. Qa4+ Rd7 14. c5 O-O 15. Bb5 Re7 16. Qxa7 d4 17. Nc4 Bd3 18. Rd1 Bxc4 19. Rxd4 Bd5 20. f3 Qc7 21. Be2 e5 22. Rd2 e4 23. f4 Be6 24. a4 Rd7 25. Rxd7 Qxd7 26. Bb5 Qd5 27. O-O Ng4 28. Qb6 Nxe3 29. Rf2 Qd1+ 30. Bf1 Bc4 31. Qd6 Qxd6 32. cxd6 Nxf1 33. d7 Ne3 34. Rd2 Bd3 35. Kf2 Nc4 36. Rd1 Rd8 0-1

[Event "13. Festival Ciudad de Lorca 2024 - A"]
[White "Vingris, Mikelis"]
[Black "Maklakova, Naomi"]
[Site "Lorca ESP"]
[Round "4.13"]
[Result "1-0"]
[Date "2024.12.28"]
[WhiteElo "2147"]
[BlackElo "2003"]
[PlyCount "65"]
[GameId "2132923604214173"]
[EventDate "2024.12.26"]
[EventCountry "ESP"]
[SourceTitle "Ajedrez en Madrid"]
[Source "lmi"]
[SourceDate "2024.12.26"]
[SourceVersion "1"]
[SourceVersionDate "2025.01.11"]
[SourceQuality "1"]

1. e4 e5 2. Nf3 Nc6 3. Bb5 a6 4. Ba4 Nf6 5. Nc3 b5 6. Bb3 Bc5 7. O-O d6 8. Nd5 Na5 9. d4 Nxb3 10. axb3 exd4 11. b4 Ba7 12. Bg5 c6 13. Nxf6+ gxf6 14. Bh4 c5 15. e5 dxe5 16. Nxe5 Qd6 17. Qf3 fxe5 18. Qxa8 Bb8 19. Bf6 Qxf6 20. Qxb8 O-O 21. bxc5 Qg7 22. Ra3 h5 23. Qd6 h4 24. c6 e4 25. Rd1 d3 26. cxd3 Bg4 27. Re1 Bf3 28. g3 f5 29. c7 e3 30. Rxe3 Qxb2 31. Qxf8+ Kxf8 32. c8=Q+ Kf7 33. Qxf5+ 1-0